Statistics for First Generation Pokemon

Click here to take the quiz!

General Stats

  • This quiz has been taken 86 times
  • The average score is 108 of 151

Answer Stats

# Pokemon % Correct
4Charmander
100%
1Bulbasaur
98%
9Blastoise
98%
5Charmeleon
98%
6Charizard
98%
7Squirtle
98%
16Pidgey
95%
2Ivysaur
95%
18Pidgeot
94%
3Venusaur
94%
17Pidgeotto
94%
25Pikachu
92%
8Wartortle
92%
26Raichu
91%
12Butterfree
89%
19Rattata
89%
15Beedrill
88%
10Caterpie
88%
20Raticate
86%
21Spearow
86%
22Fearow
86%
23Ekans
86%
11Metapod
86%
39Jigglypuff
85%
146Moltres
85%
93Haunter
85%
94Gengar
85%
151Mew
85%
24Arbok
85%
29Nidoran (female)
83%
145Zapdos
83%
92Gastly
83%
14Kakuna
83%
129Magikarp
83%
144Articuno
83%
150Mewtwo
83%
13Weedle
83%
32Nidoran (male)
83%
50Diglett
82%
31Nidoqueen
82%
74Geodude
82%
149Dragonite
80%
34Nidoking
80%
95Onix
80%
133Eevee
78%
30Nidorina
78%
51Dugtrio
78%
76Golem
78%
100Voltorb
77%
52Meowth
77%
53Persian
77%
134Vaporeon
77%
63Abra
75%
130Gyarados
75%
135Jolteon
75%
136Flareon
75%
143Snorlax
75%
118Goldeen
75%
147Dratini
75%
64Kadabra
75%
37Vulpix
75%
58Growlithe
75%
33Nidorino
75%
148Dragonair
74%
75Graveler
74%
65Alakazam
74%
40Wigglytuff
74%
122Mr. Mime
74%
35Clefairy
74%
59Arcanine
74%
77Ponyta
74%
106Hitmonlee
72%
119Seaking
72%
109Koffing
72%
110Weezing
72%
68Machamp
72%
67Machoke
72%
36Clefable
71%
107Hitmonchan
71%
120Staryu
71%
41Zubat
69%
69Bellsprout
69%
66Machop
69%
78Rapidash
69%
121Starmie
68%
132Ditto
68%
54Psyduck
68%
38Ninetails
66%
70Weepinbell
66%
82Magneton
66%
125Electabuzz
66%
126Magmar
66%
101Electrode
66%
44Gloom
66%
27Sandshrew
65%
140Kabuto
65%
42Golbat
65%
141Kabutops
65%
73Tentacruel
65%
56Mankey
63%
43Oddish
63%
111Rhyhorn
63%
112Rhydon
63%
131Lapras
63%
89Muk
63%
81Magnemite
63%
72Tentacool
63%
116Horsea
63%
123Scyther
62%
128Tauros
62%
28Sandslash
62%
45Vileplume
62%
124Jynx
62%
85Dodrio
62%
84Doduo
62%
80Slowbro
62%
55Golduck
62%
113Chansey
60%
142Aerodactyl
60%
117Seadra
60%
60Poliwag
60%
57Primeape
60%
86Seel
60%
49Venomoth
58%
61Poliwhirl
58%
79Slowpoke
58%
83Farfetch'd
58%
88Grimer
58%
115Kangaskhan
57%
139Omastar
57%
71Victreebel
57%
138Omanyte
57%
108Lickitung
57%
104Cubone
57%
48Venonat
55%
98Krabby
55%
62Poliwrath
55%
87Dewgong
54%
90Shellder
54%
97Hypno
54%
91Cloyster
52%
99Kingler
52%
114Tangela
52%
105Marowak
52%
96Drowzee
51%
102Exeggcute
51%
137Porygon
51%
46Paras
49%
103Exeggutor
49%
47Parasect
46%
127Pinsir
42%

Score Distribution

Percentile by Number Answered

Percent of People with Each Score

Your Score History

You have not taken this quiz